Primatología del nuevo mundo : (Registro nro. 4085)

Detalles MARC
000 -CABECERA
Campo de control 01208nam a2200313 i 4500
005 - FECHA Y HORA DE LA ULTIMA TRANSACCION
Campo de control 20160108102140.0
008 - ELEMENTOS DE LONGITUD FIJA—INFORMACION GENERAL
Campo de control 120516s2003 ck a gr 000 0dspa d
015 ## - NATIONAL BIBLIOGRAPHY NUMBER
National bibliography number ck-2003-xxxx
020 ## - ISBN
ISBN 9583345539
040 ## - FUENTE DE CATALOGACIÓN
Agencia catalogadora original CO-BoBLA
Agencia transcriptora CO-BoBLA
Agencia Modificadora CO-BoIAVH
041 0# - IDIOMA
Código de idioma para texto/pista de sonido o título separado Español
044 ## - PAÍS DE PUBLICACIÓN
País de publicación Colombia
082 04 - NUMERO DE CLASIFICACION DECIMAL DEWEY
Número de clasificación 599.8098
Número del ítem P43p
100 1# - ASIENTO PRINCIPAL--NOMBRE PERSONAL
Nombre personal Pereira-Bengoa, Victoria
9 (RLIN) 3356
245 10 - MENCION DE TITULO
Título Primatología del nuevo mundo :
Parte restante del título biología, medicina, manejo y conservación /
Mención de responsabilidad Victoria Pereira-Bengoa, Fernando Nassar-Montoya, Anne Savage.
260 ## - PUBLICACION, DISTRIBUCION, ETC. (PIE DE IMPRENTA)
Lugar de publicación, distribución, etc. Bogotá :
Nombre del editor, distribuidor, etc. Centro de Primatología Araguatos,
Fecha de publicación, distribución, etc. 2003.
300 ## - DESCRIPCION FISICA
Extensión vii, ii, 291 páginas ;
Dimensiones 24 cm.
504 ## - NOTA DE BIBLIOGRAFIA, ETC.
Nota de bibliografía Incluye referencias bibliográficas.<br/>
650 14 - ASIENTO SECUNDARIO DE MATERIA - TERMINO TEMATICO
Término temático o nombre geográfico como elemento de entrada Primates
Subdivisión general Investigaciones
Subdivisión geográfica América Latina
9 (RLIN) 48683
650 14 - ASIENTO SECUNDARIO DE MATERIA - TERMINO TEMATICO
Término temático o nombre geográfico como elemento de entrada Primates
Subdivisión general Conservación de especies
Subdivisión geográfica Colombia
9 (RLIN) 48684
650 14 - ASIENTO SECUNDARIO DE MATERIA - TERMINO TEMATICO
Término temático o nombre geográfico como elemento de entrada Primates
9 (RLIN) 48685
650 24 - ASIENTO SECUNDARIO DE MATERIA - TERMINO TEMATICO
Término temático o nombre geográfico como elemento de entrada Conservación de la vida silvestre
Subdivisión geográfica América Latina
9 (RLIN) 48686
650 24 - ASIENTO SECUNDARIO DE MATERIA - TERMINO TEMATICO
Término temático o nombre geográfico como elemento de entrada Conservación biológica
Subdivisión geográfica América Latina
9 (RLIN) 48687
650 24 - ASIENTO SECUNDARIO DE MATERIA - TERMINO TEMATICO
Término temático o nombre geográfico como elemento de entrada Monos
Subdivisión geográfica América Latina
9 (RLIN) 48688
700 1# - ASIENTO SECUNDARIO - NOMBRE PERSONAL
Nombre personal Nassar Montoya, Fernando.
Término de relación autor
9 (RLIN) 3350
700 1# - ASIENTO SECUNDARIO - NOMBRE PERSONAL
Nombre personal Savage, Anne,
Fechas asociadas con el nombre 1961-
Término de relación autor
9 (RLIN) 48689
942 ## - ELEMENTOS ADICIONALES (KOHA)
Sistema de clasificación Dewey Decimal Classification
Tipo de ítem Libro
949 ## - LOCAL PROCESSING INFORMATION (OCLC)
a n
b n
Existencias
Withdrawn status Lost status Sistema de Clasificación Damaged status No para préstamo Colección Inventariado Ubicación Permanente Ubicación actual Fecha de adquisición Fuente de Valor Total Checkouts Número topográfico Inventario / Código de Barras Date last seen Ejemplar Price effective from Tipo de material Forma de adquisición
    Dewey Decimal Classification     General Inventariado 2017 Bogotá Bogotá 19/08/2004 Instituto   LB-599.8098 P43p 016489 04/12/2012 Ej. 1 04/12/2012 Libro  
    Dewey Decimal Classification     General Inventariado 2017 Sala Fabio Quevedo Sala Fabio Quevedo 30/07/2009 Instituto   LB-599.8098 P43p 027384 04/12/2012 Ej. 2 04/12/2012 Libro Donación